Trombinoscope - Les Planètes du Système Solaire - Statistiques

Statistiques générales
  • Ce quiz a été pris 503 fois
    33 depuis la dernière actualisation
  • Le résultat moyen est 7 sur 8
Statistiques - réponses
Hint Extra Hint Réponse % Correct
Jupiter Planète géante gazeuse, la cinquième plus proche du Soleil / Période de révolution : 11,86 ans / Plus grande planète du Système Solaire / Possède une Grande Tache rouge à sa surface 330px-Hubble%E2%80%99s_observation_of_Jupiter_in_2021_%2851688147562%29.jpg
96%
Terre Planète tellurique, la troisième plus proche du Soleil / Période de révolution : 365,25 jours / Deux tiers de sa surface sont recouverts d'eau liquide / Seule planète connue abritant la vie 330px-The_Blue_Marble_%28remastered%29.jpg
96%
Mars Planète tellurique, la quatrième plus proche du Soleil / Période de révolution : 687 jours / Surnommée "La Planète Rouge" / Présence de l'Olympus Mons (le plus grand volcan connu du Système Solaire) Mars.jpg.webp?itok=Dawzk3im
96%
Saturne Planète géante gazeuse, la sixième plus proche du Soleil / Période de révolution : 29,44 ans / Connue pour ses anneaux / Possède ≃ 270 lunes, dont Titan (qui possède une atmosphère) Saturne.png.webp?itok=BBgr2daE
96%
Neptune Planète géante de glace, la huitième plus proche du Soleil (≃ 4,5 milliards de km) / Période de révolution : 164,8 ans / Balayée par les vents les plus rapides du Système solaire (≃ 2 000 km/h) 80628732d9-450.webp
77%
Vénus Planète tellurique, la deuxième plus proche du Soleil / Période de révolution : 225 jours / Rotation dans le sens inverse des autres planètes / Planète la plus chaude du Système Solaire (≃ + 470 °C) 330px-PIA23791-Venus-RealAndEnhancedContrastViews-20200608_%28cropped%29.jpg
69%
Mercure Planète tellurique, la plus proche du Soleil (≃ 50 millions de km) / Période de révolution : 88 jours / Absence d'atmosphère notable / Températures extrêmes : de - 180 °C à + 430 °C Mercure.jpg.webp?itok=MDxfDkH6
62%
Uranus Planète géante de glace, la septième plus proche du Soleil / Période de révolution : 84 ans / Découverte en 1781 par William Herschel / Axe de rotation presque couché sur le plan de son orbite Uranus.jpg.webp?itok=VpH-_PLj
62%
Aucun quiz correspondant
Distribution des résultats
% des personnes avec chaque résultat
Percentile par nombre de réponses
Votre historique - résultats
Vous n’avez pas pris ce quiz depuis la dernière actualisation